000 00340 a2200169 4500
001 59776
020 _a8501155055
040 _cAnchieta - Pituba
100 _aNabokov, Vladimir
240 1 0 _aLolita
_lpor
245 1 0 _aLolita
300 _a356
362 0 _a0
440 1 _aRecord
650 4 _aFicção norte-americana
942 _cBK
999 _c59776
_d59776